000
00309nam a2200097Ia 4500
082
_a
658|HERD
245
0
_a
Mentoring and coaching : articles from Human capital review
100
_a
Herholdt, Johan Randburg, South Africa, 2012
_9
49204
942
_c
BK
008
210817s9999 xx 000 0 und d
999
_c
201489
_d
201488